|
|
|
|
| LEADER |
00834nam a2200241 a 4500 |
| 001 |
00013090 |
| 008 |
110523r20041998ii a 001 0 eng d |
| 020 |
|
|
|a 817808113x
|
| 020 |
|
|
|a 9788178081137
|
| 040 |
|
|
|a BD-DhAAL
|d BD-DhAAL
|
| 082 |
0 |
0 |
|a 005.1
|2 22
|
| 100 |
1 |
|
|a Knuth, Donald E.,
|d 1938-
|
| 245 |
1 |
4 |
|a The art of computer programming /
|c Donald E. Knuth.
|
| 250 |
|
|
|a 2nd ed.
|
| 260 |
|
|
|a Delhi :
|b Pearson Education,
|c c1998.[reprinted 2004]
|
| 300 |
|
|
|a 3 v. :
|b ill. ;
|c 24 cm.
|
| 500 |
|
|
|a Includes indexes.
|
| 541 |
1 |
|
|e 00013090
|
| 650 |
|
0 |
|a Computer programming.
|
| 650 |
|
0 |
|a Computer algorithms.
|
| 852 |
4 |
|
|a Ayesha Abed library
|j General Shelf
|
| 999 |
|
|
|c 10887
|d 10887
|
| 952 |
|
|
|0 0
|1 0
|2 ddc
|4 0
|6 005_100000000000000_KNU
|7 0
|9 16615
|a BRACUL
|b BRACUL
|c GEN
|d 2011-05-24
|g 607.00
|l 0
|o 005.1 KNU
|p 3010013090
|r 2011-05-24
|t 1
|w 2011-05-24
|y BK
|